000 00680cam a22002172 4500
001 0000002324
005 20151217151850.0
008 070410s xx 000 0 eng d
020 _a0072500956 :
_cKES 500
040 _aKABU
_cKABU
050 0 _aHF5548.32
_b.R39 2002
100 1 _aRayport, Jeffrey F.
_@0000148311
245 1 0 _aCases in e-commerce /
_cJeffrey F. Rayport, Bernard J. Jaworski.
260 _aBoston :
_bMcGraw-Hill,
_c2002.
300 _axix, 631 p.
650 0 _aElectronic commerce
_xCase Studeis.
_@0000151654
700 1 _aJaworski, Bernard J.
_@0000148312
908 _a070410
950 _@1
999 _c5790
_d5790